1295 1339 1447 1727 1189 1322 1621 1293 1516 1127 1097 1029 1255 1146 1208 1214 1516 1567 1108 1509 1993 1915 1123 1165 1522 1555 1259 1027 1622 1909 1749 1333 1677 1227 1195 1083 1568 1802 1207 1331 1259 1348 1470 1034 1549 1923 1064 1563 1156 1527 1527 1539 1609 1788 1307 1545 1005 1085 1269 1568 1061 1116 1746 1868 1470 1254 1004 1093 1134 1429 1000 1007 1867 1482 1211 1954 1540 1398 1750 1188 1660 1217 1236 1278 1191 1813 1681 1197 1914 1683 1729 1398 1707 1554 1062 1677 1184 1387 1204 BCNSPRNW ULIB Ver.6.0+V

เปลี่ยนเป็นภาษาไทย

Change to English
 แสดงรายละเอียดบรรณานุกรม
  กลับหน้าหลัก

Brief Record : Get Marc (ISO 2709) : E-mail record : QR code < ปิดหน้าต่าง
LEADER : 00000nam 2200000uu 4500
001    13399126871
003     ULIB
008    190821s2561||||th 000 0 tha d
020    ^a9786164748668
060    ^aWM270^bร387ก
100    ^aรัศมน กัลยาศิริ
245    ^aการเสพติดและผลแทรกซ้อนทางจิตเวช (Addiction & Psychiatric Complications)
250    ^aพิมพ์ครั้งที่ 1
260    ^aกรุงเทพฯ :^bภาควิชาจิตเวชศาสตร์ คณะแพทยศาสตร์ จุฬาลงกรณ์มหาวิทยาลัย,^c2561
300    ^a190 หน้า^bภาพประกอบ, ตาราง, ภาคผนวก
650    ^aจิตเวชศาสตร์
650    ^aสารเสพติด
945    ^p200^l0^i005562
945    ^p200^l0^i005563
945    ^p200^l0^i005564
945    ^p200^l0^i005565
945    ^p200^l0^i005566
945    ^p200^l0^i005567
945    ^p200^l0^i005568
945    ^p200^l0^i005569
945    ^p200^l0^i005570
945    ^p200^l0^i005571
999    ^aประนอม เกษจรัล
รายการนี้ยังไม่มีแท็ก
คุณยังไม่ได้ล็อกอิน คุณสามารถมีกิจกรรมร่วมกับเว็บไซต์ได้ แต่ต้องล็อกอินก่อน ::
  ล็อกอิน

รายการสื่อสารสนเทศ

ลำดับที่ ประเภท เลขเรียก/บาร์โค้ด สถานที่ สถานะ
1. วิทยาศาสตร์การแพทย์ และสุขภาพ
หนังสือสำรอง
สถานะ=หนังสือสำรอง
WM270 ร387ก ฉ.1 
  Barcode: 005562
ห้องสมุดวิทยาเขตสวรรค์ประชารักษ์
►หนังสือทั่วไป
บนชั้น
2. วิทยาศาสตร์การแพทย์ และสุขภาพ
วิทยาศาสตร์การแพทย์ และสุขภาพ
WM270 ร387ก ฉ.10 
  Barcode: 005571
ห้องสมุดวิทยาเขตสวรรค์ประชารักษ์
►หนังสือทั่วไป
บนชั้น
3. วิทยาศาสตร์การแพทย์ และสุขภาพ
วิทยาศาสตร์การแพทย์ และสุขภาพ
WM270 ร387ก ฉ.2 
  Barcode: 005563
ห้องสมุดวิทยาเขตสวรรค์ประชารักษ์
►หนังสือทั่วไป
บนชั้น
4. วิทยาศาสตร์การแพทย์ และสุขภาพ
วิทยาศาสตร์การแพทย์ และสุขภาพ
WM270 ร387ก ฉ.3 
  Barcode: 005564
ห้องสมุดวิทยาเขตสวรรค์ประชารักษ์
►หนังสือทั่วไป
บนชั้น
5. วิทยาศาสตร์การแพทย์ และสุขภาพ
วิทยาศาสตร์การแพทย์ และสุขภาพ
WM270 ร387ก ฉ.4 
  Barcode: 005565
ห้องสมุดวิทยาเขตสวรรค์ประชารักษ์
►หนังสือทั่วไป
บนชั้น
6. วิทยาศาสตร์การแพทย์ และสุขภาพ
วิทยาศาสตร์การแพทย์ และสุขภาพ
WM270 ร387ก ฉ.5 
  Barcode: 005566
ห้องสมุดวิทยาเขตสวรรค์ประชารักษ์
►หนังสือทั่วไป
บนชั้น
7. วิทยาศาสตร์การแพทย์ และสุขภาพ
วิทยาศาสตร์การแพทย์ และสุขภาพ
WM270 ร387ก ฉ.6 
  Barcode: 005567
ห้องสมุดวิทยาเขตสวรรค์ประชารักษ์
►หนังสือทั่วไป
บนชั้น
8. วิทยาศาสตร์การแพทย์ และสุขภาพ
วิทยาศาสตร์การแพทย์ และสุขภาพ
WM270 ร387ก ฉ.7 
  Barcode: 005568
ห้องสมุดวิทยาเขตสวรรค์ประชารักษ์
►หนังสือทั่วไป
ถูกยืม กำหนดส่งวันที่ 31 พฤษภาคม 2569
  จอง
9. วิทยาศาสตร์การแพทย์ และสุขภาพ
วิทยาศาสตร์การแพทย์ และสุขภาพ
WM270 ร387ก ฉ.8 
  Barcode: 005569
ห้องสมุดวิทยาเขตสวรรค์ประชารักษ์
►หนังสือทั่วไป
บนชั้น
10. วิทยาศาสตร์การแพทย์ และสุขภาพ
วิทยาศาสตร์การแพทย์ และสุขภาพ
WM270 ร387ก ฉ.9 
  Barcode: 005570
ห้องสมุดวิทยาเขตสวรรค์ประชารักษ์
►หนังสือทั่วไป
บนชั้น

รายการใกล้เคียง
    ชื่อเรื่อง [การเสพติดและผลแทรกซ้อนทางจิตเวช (Addiction & Psychiatric Complications)]

    ผู้แต่ง [รัศมน กัลยาศิริ]

    หัวเรื่อง [จิตเวชศาสตร์]
    หัวเรื่อง [สารเสพติด]

BibComment


ยังไม่เคยถูกคอมเมนท์

คอมเมนท์ทรัพยากรรายการนี้
  คอมเมนท์: การเสพติดและผลแท..


 Copyright 2026. Bcnsprnw @Library